000 00506nam a2200181Ia 4500
005 20250508161338.0
008 008 250505s9999 xx 000 0 eng d
037 _aTextual
040 _aFEDL
_beng
_cFEDL
041 _aeng
_2eng
084 _aB, GAN
_qFEDL
100 _aPyarelal
245 0 _aMahatma Gandhi: The last phase. 2 V.
260 _aAhmedabad, India
_bNavjivan Prakashan Mandir
490 _vV.1. 1956; 750p. Rs.20.00
942 _cTEXL
_hB, GAN
999 _c1369640
_d1369640